MARC

LEADER 00000nam0a2200000 4500
001 278302
005 20231101235111.0
035 |a (RuTPU)RU\TPU\book\301579 
090 |a 278302 
100 |a 20141210d1984 km y0rusy5003 ca 
101 0 |a rus 
102 |a RU 
105 |a a z 000zy 
200 1 |a Механические бесступенчатые нефрикционные передачи непрерывного действия  |f А. И. Леонов, А. Ф. Дубровский 
210 |a Москва  |c Машиностроение  |d 1984 
215 |a 191 с.  |c ил. 
606 1 |a Передачи механические  |2 stltpush  |3 (RuTPU)RU\TPU\subj\68908  |9 83982 
610 1 |a бесступенчатые передачи 
610 1 |a машинный агрегат 
610 1 |a математическая модель 
610 1 |a теория 
610 1 |a расчет 
610 1 |a передачи 
610 1 |a динамические нагрузки 
610 1 |a виброприводы 
610 1 |a динамика 
675 |a 621.83  |z rus  |v 4 
700 1 |a Леонов  |b А. И.  |g Анатолий Иванович 
701 1 |a Дубровский  |b А. Ф.  |g Анатолий Федорович 
801 0 |a RU  |b RuMRKP  |c 19950704  |g psbo 
801 1 |a RU  |b 63413507  |c 20141210 
801 2 |a RU  |b 63413507  |c 20180111  |g RCR 
942 |c BK